00641nam a2200229 a 4500001001300000003000900013005001700022008004100039020000800080082001300088100002500101245003500126260003200161300000900193500003500202505001000237700002500247902000800272942000700280952010900287999001500396nice12345678IN_TiNIC20260116011725.0050524s1959 lona grp 000 0 eng  ac000a201bBON aBonhoeffer, Dietrich aLetters and Papers from Prison aLondonbFontana Booksc1959 a192p aincludes index and biblioraphy2 aIndex1 aBonhoeffer, Dietrich bSRS cBK 001040708StackRoom-aHMIbHMId2005-05-24g0.00l0o201 BONp05507r2005-05-24v0.00w2005-05-24yBK c3544d3544